| 000 | 00357nam a22001217a 4500 | ||
|---|---|---|---|
| 020 | _a9789381450512 | ||
| 082 |
_a551.6977 _bKIB/CL |
||
| 100 |
_aGolam Kibria _aA. K. Yousuf Haroon _aDayanthi Nugegoda _9270 |
||
| 245 | _aClimate Change and Agricultural Food Production | ||
| 260 |
_aNew Delhi _bNew India Publishing Agency _c2013 |
||
| 300 | _a287 | ||
| 942 | _cREF | ||
| 999 |
_c14209 _d14209 |
||